000
00350nam a2200145 a 4500
005
20140412111329.0
008
110115s19uu xx 00 eng d
020
_a
0-02-180945-3
050
_a
BB
_b
My91 1989
100
_a
Gomi, Taro
245
_a
My Friends /
_c
Taro Gomi.
260
_a
NY :
_b
Macmillan,
_c
1989.
300
_a
34p.
999
_c
104806
_d
104806